| 000 | 00478 a2200157 4500 | ||
|---|---|---|---|
| 003 | OSt | ||
| 005 | 20231216154526.0 | ||
| 008 | 231216b |||||||| |||| 00| 0 eng d | ||
| 020 | _a9789350728376 | ||
| 040 | _coclc | ||
| 082 |
_a891.43009 _bKOV/H |
||
| 245 |
_aHINDI DALIT SAHITYA EK MOOLYANKAN / _cedited by Dr. Pramod Kovprat |
||
| 260 |
_aNew Delhi: _bVani Prakashan, _c2016. |
||
| 300 | _a200p | ||
| 942 |
_2ddc _cBK _h891.43009 _iKOV/H _k891.43009 _mKOV/H |
||
| 999 |
_c43448 _d43448 |
||